Normal view MARC view
  • Sansone, Giovanni,

Entry Personal Name

Number of records used in: 1

001 - CONTROL NUMBER

  • control field: 153628

003 - CONTROL NUMBER IDENTIFIER

  • control field: TR-AnTOB

005 - DATE AND TIME OF LATEST TRANSACTION

  • control field: 20260414090221.0

008 - FIXED-LENGTH DATA ELEMENTS

  • fixed length control field: 801121n| azannaabn |a aaa

010 ## - LIBRARY OF CONGRESS CONTROL NUMBER

  • LC control number: n 80137661

035 ## - SYSTEM CONTROL NUMBER

  • System control number: (OCoLC)oca00517921

040 ## - CATALOGING SOURCE

  • Original cataloging agency: DLC
  • Language of cataloging: eng
  • Description conventions: rda
  • Transcribing agency: DLC
  • Modifying agency: ICU
  • Modifying agency: OrU
  • Modifying agency: DLC

046 ## - SPECIAL CODED DATES

  • Birth date: 18880524
  • Death date: 19791013

100 1# - HEADING--PERSONAL NAME

  • Personal name: Sansone, Giovanni,
  • Dates associated with a name: 1888-1979

370 ## - ASSOCIATED PLACE

  • Place of birth: Porto Empedocle (Italy)
  • Place of death: Florence (Italy)
  • Source of term: naf

372 ## - FIELD OF ACTIVITY

  • Field of activity: Mathematics
  • Source of term: lcsh

374 ## - OCCUPATION

  • Occupation: Mathematicians
  • Source of term: lcsh

375 ## - GENDER

  • Gender: male

377 ## - ASSOCIATED LANGUAGE

  • Language code: ita

400 1# - SEE FROM TRACING--PERSONAL NAME

  • Personal name: Sansone, G.
  • Fuller form of name: (Giovanni),
  • Dates associated with a name: 1888-1979

400 1# - SEE FROM TRACING--PERSONAL NAME

  • Personal name: Sansone, Dzh.,
  • Dates associated with a name: 1888-1979

670 ## - SOURCE DATA FOUND

  • Source citation: His Lezioni sulla teoria delle funzioni di una variabile complessa, 1947.

670 ## - SOURCE DATA FOUND

  • Source citation: LCCN 63-10064: His Non-linear differential equations, 1964
  • Information found: (hdg.: Sansone, Giovanni, 1888- ; usage: G. Sansone)

670 ## - SOURCE DATA FOUND

  • Source citation: Italian Wikipedia, Oct. 25, 2011
  • Information found: (Giovanni Sansone; b. May 24, 1888 in Porto Empedocle, Italy; d. Oct. 13, 1979 in Florence, Italy)
Devinim Yazılım Eğitim Danışmanlık tarafından Koha'nın orjinal sürümü uyarlanarak geliştirilip kurulmuştur.